00383nam a2200157Ia 45000010006000000050017000060080041000230410008000640820020000721000027000922450053001192600009001723000028001816500008002096540008002171489720260306164948.0260306t2010||||xx |||||||||||||| ||spa|| aESP a519.5bL54 2010 aLevin, Richard I.eAUT 0aEstadística para administración y economía c2010 a799 páginas :c25 cm. aGEN aCMA